[Event "RUS-chT2"]
[Site "Sochi"]
[Date "2007.05.06"]
[Round "4"]
[White "Khismatullin, Denis Rimovich"]
[Black "Kuzmin, Gennadi P"]
[Result "1-0"]
[WhiteElo "2570"]
[BlackElo "2479"]
[PlyCount "95"]
[EventDate "2007.05.03"]
[EventType "team"]
[EventRounds "9"]
[EventCountry "RUS"]
[SourceTitle "EXT 2020"]
[Source "ChessBase"]
[SourceDate "2019.10.17"]
[SourceVersion "1"]
[SourceVersionDate "2019.10.17"]
[SourceQuality "1"]
[WhiteTeam "Moscow Spasio"]
[WhiteTeamCountry "RUS"]

1. d4 Nf6 2. c4 e6 3. g3 d5 4. Bg2 Bb4+ 5. Bd2 a5 6. a3 Be7 7. Nf3 0-0 8. Qc2 c5 9. cxd5 cxd4 10. Nxd4 Nxd5 11. Nc3 Bf6 12. Ndb5 Nc6 13. 0-0 Qb6 14. a4 Bd7 15. Nxd5 exd5 16. Bxd5 Nb4 17. Bxb4 axb4 18. Qb3 Bxb5 19. axb5 Rxa1 20. Rxa1 Qxb5 21. Bxf7+ Kh8 22. Bc4 Qc5 23. Bd5 Bd4 24. e3 Bxb2 25. Qxb2 Qxd5 26. Qxb4 Qf3 27. Qb2 h6 28. h4 Rd8 29. Rb1 Kg8 30. Qb5 Kh8 31. Rf1 Ra8 32. Qd7 Qe4 33. Rd1 Rf8 34. Rd2 Ra8 35. Kh2 Rf8 36. Qh3 Qc6 37. Qg4 b5 38. Qb4 Kg8 39. Qb3+ Kh8 40. Qb4 Kg8 41. e4 Re8 42. Rd4 Kh8 43. Kg2 Kh7 44. Qd2 Kh8 45. f3 Kh7 46. Qd3 Kh8 47. Rd6 Qc7 48. h5 1-0